| 000 | 00979cam a22003138a 4500 | ||
|---|---|---|---|
| 999 |
_c275 _d275 |
||
| 001 | 14572291 | ||
| 003 | OSt | ||
| 005 | 20251105020003.0 | ||
| 008 | 060927s2007 stk b 001 0 eng | ||
| 010 | _a 2006051699 | ||
| 020 | _a9780443102097 | ||
| 020 | _a0443102090 | ||
| 035 | _a(DNLM)101288841 | ||
| 040 |
_aDNLM/DLC _cDLC _dDLC |
||
| 042 | _apcc | ||
| 050 | 0 | 0 |
_aQR46 _b.M35 2007 |
| 082 | 0 | 0 | _aQW4 M467d 2007 |
| 100 |
_aEdited by David Greenwood [et... al] _911246 |
||
| 245 | 0 | 0 |
_aMedical microbiology : _ba guide to microbial infections; pathogenesis, immunity, laboratory diagnosis, and control |
| 250 | _a17th ed. | ||
| 260 |
_aEdinburgh; _bChurchill Livingstone, _c2007. |
||
| 263 | _a0706 | ||
| 300 |
_axiv, 738p. ; _c25 cm. _bcol.ill |
||
| 504 | _aIncludes bibliographical references and index. | ||
| 650 | 0 |
_aMedical microbiology. _9741 |
|
| 650 | 1 | 2 |
_aInfection bacteria _9742 |
| 906 |
_a7 _bcbc _corignew _d1 _eocip _f20 _gy-gencatlg |
||
| 942 |
_2z _cB_BANK _02 |
||